Inovačná aktivita kúpeľných podnikov a jej efekty
Predpoklad úspešného fungovania podniku cestovného ruchu v období ekonomiky založenej na znalostiach. Kúpeľný cestovný ruch na Slovensku. Zavádzanie inovácií. Hodnotenie konkurencieschopnosti podniku. Výsledky výskumu inovačnej aktivity kúpeľných podnikov v SR.
Na minha lista:
| Autor principal: | |
|---|---|
| Formato: | Capítulo de Livro |
| Idioma: | eslovaco |
| Assuntos: | |
| Tags: |
Sem tags, seja o primeiro a adicionar uma tag!
|
MARC
| LEADER | 00000naa$a2200000$$$4500 | ||
|---|---|---|---|
| 001 | 0070004 | ||
| 005 | 20240502071837.9 | ||
| 041 | 0 | |a slo | |
| 044 | |a SK | ||
| 245 | 1 | 0 | |a Inovačná aktivita kúpeľných podnikov a jej efekty |c Viera Kubičková |
| 520 | |a Predpoklad úspešného fungovania podniku cestovného ruchu v období ekonomiky založenej na znalostiach. Kúpeľný cestovný ruch na Slovensku. Zavádzanie inovácií. Hodnotenie konkurencieschopnosti podniku. Výsledky výskumu inovačnej aktivity kúpeľných podnikov v SR. | ||
| 610 | 2 | 0 | |a inovácia |
| 610 | 2 | 0 | |a ruch cestovný |
| 610 | 2 | 0 | |a kúpeľníctvo |
| 610 | 2 | 0 | |a konkurencieschopnosť |
| 610 | 2 | 0 | |a Slovensko |
| 100 | 1 | |a Kubičková, Viera, 1970- | |